|
|
|
|
| LEADER |
00757cam a2200205 7i4500 |
| 001 |
0000027753 |
| 005 |
20120516090000.0 |
| 020 |
0 |
0 |
|a 9789675626135
|
| 090 |
0 |
0 |
|a M 333.79329595
|b ISK
|
| 110 |
2 |
0 |
|a Iskandar Regional Development Authority (IRDA)
|
| 245 |
2 |
0 |
|a Invest electrical and electronics Iskandar Malaysia :
|b Asia's next electrical and electronics centre of excellence.
|
| 260 |
0 |
0 |
|a Johor Bahru:
|b IRDA,
|c 2011.
|
| 300 |
# |
# |
|a 69 p.
|
| 650 |
0 |
0 |
|a Malaysia --
|x Economic policy
|
| 650 |
0 |
0 |
|a Electronic industries --
|z Malaysia
|
| 650 |
0 |
0 |
|a Industrial development projects --
|z Malaysia
|
| 650 |
0 |
0 |
|a Iskandar Malaysia
|
| 650 |
0 |
0 |
|a Electric industries --
|z Malaysia
|
| 651 |
0 |
0 |
|a Malaysia
|
| 999 |
|
|
|a 0000028823
|b Book
|c Malaysia
|e Business Information Centre
|